|
|
|
|
| LEADER |
00000cam a2200000 a 4500 |
| 001 |
vtls001095287 |
| 003 |
SK-MaSNL |
| 005 |
20260302030920.0 |
| 008 |
180815s1985 xo a f np 00000 slo |
| 015 |
|
|
|a SNBA1985/09
|
| 035 |
|
|
|a SNK000038129
|
| 040 |
|
|
|a SNK
|b slo
|c SNK
|e AACR2
|
| 041 |
0 |
|
|a slo
|
| 044 |
|
|
|a xo
|c SK
|
| 080 |
|
|
|a 65.012.2(075.8)
|2 1981
|
| 100 |
1 |
|
|a Horecká, Katarína,
|d 1939-
|4 aut
|9 210293
|
| 245 |
1 |
0 |
|a Prognózy a plánovanie priemyselných podnikov
|c Katarína Horecká, Jozef Kráľovič, Anna Pilková
|
| 250 |
|
|
|a 1. vyd.
|
| 260 |
|
|
|a Bratislava
|b Vysoká škola ekonomická
|c 1985
|e Bratislava
|f Edičné stredisko VŠE
|
| 300 |
|
|
|a 374 s.
|b grafy, sch., tab.
|c 29 cm
|
| 366 |
|
|
|e 500 výtl.
|
| 490 |
1 |
|
|a Vysokoškolské skriptá
|
| 650 |
0 |
7 |
|a priemyselné podniky
|2 SNKPH
|9 2346
|
| 650 |
0 |
7 |
|a hospodárske plánovanie
|2 SNKPH
|9 2285
|
| 655 |
|
7 |
|a učebnice vysokých škôl
|2 SNKPH
|9 70191
|
| 700 |
1 |
|
|a Kráľovič, Jozef,
|d 1941-
|4 aut
|9 210298
|
| 700 |
1 |
|
|a Pilková, Anna,
|d 1953-
|4 aut
|9 196091
|
| 810 |
2 |
|
|a Vysoká škola ekonomická v Bratislave
|t Vysokoškolské skriptá
|9 222320
|
| 958 |
|
|
|a OND
|
| 958 |
|
|
|a NB
|
| 958 |
|
|
|a RM
|
| 958 |
|
|
|a UV
|
| 999 |
|
|
|c 1049828
|d 1051758
|
| 952 |
|
|
|t P60, <04>, [BOOK], {604}
|a SNK
|b SNK
|y VYP
|7 0
|p 17A0205031
|o snkSB 39252 D1
|0 0
|1 0
|4 0
|d 1999-08-10
|l 0
|r 2004-12-31 00:00:00
|w 2026-02-24
|
| 952 |
|
|
|a SNK
|b SNK
|y PREZ
|7 0
|p 17A0812022
|o snkSB 39252
|0 0
|1 0
|4 0
|d 2012-05-28
|f 1
|l 0
|r 2025-04-23 00:00:00
|w 2026-02-24
|